000 00765nam a22002177a 4500
005 20250417123748.0
008 250417b |||||||| |||| 00| 0 eng d
020 _a978-81-19857-37-1 (hbk)
037 _cTB
040 _aCRL
_cCRL
041 _2pun
_apun
084 _aNR 153R4
_qCRL
100 _aਕਾਂਮੈਯਾਨ, ਧਰਮ ਸਿੰਘ
245 _aਪੋਹਲੀ ਦੇ ਫੁੱਲ
260 _aਪਟਿਆਲਾ, ਭਾਰਤ:
_bਔਟਉਮੰ ਆਰਟ,
_c2024.
300 _a121ਪ.
365 _b175.00
_cINR
650 _aਸੰਗੀਤ
942 _2CC
_cTB
_hNR 153R4
_n0
999 _c1309101
_d1309101